000 00704nam a22001577a 4500
008 140902b xxu||||| |||| 00| 0 eng d
020 _a04060929774
050 _aKD277.7.L39(1913 vol.1)
245 _aThe Law reports of the incorporated Council of law reporting(1913 vol.1): Kings Bench Division: and on appeal therefrom in the Court of Appeal, decisions in the Court of criminal appeal and decisions of the Railway and Canal Commission. /
_cedited by Frederick Pollock and A.P. Stone
260 _aLondon:
_bButterworth and Co. Ltd.,
_c1913.
300 _axiv, 642p.:
_c24cm
440 _pKings Bench Division, 1912
_vvol. I
800 _aPollock, Frederick
800 _aStone,A.P.
942 _2lcc
_cBK
999 _c3970
_d11470